| 000 -LEADER |
| fixed length control field |
00671nam a22002177a 4500 |
| 001 - CONTROL NUMBER |
| control field |
13087 |
| 003 - CONTROL NUMBER IDENTIFIER |
| control field |
BD-DhUAP |
| 005 - DATE AND TIME OF LATEST TRANSACTION |
| control field |
20210126104853.0 |
| 008 - FIXED-LENGTH DATA ELEMENTS--GENERAL INFORMATION |
| fixed length control field |
200205t20092007bg l 000 0 eng |
| 020 ## - INTERNATIONAL STANDARD BOOK NUMBER |
| International Standard Book Number |
9847021500239 |
| 040 ## - CATALOGING SOURCE |
| Original cataloging agency |
DLC |
| Transcribing agency |
BD-DhUAP |
| Language of cataloging |
Eng |
| Modifying agency |
BD-DhUAP |
| 082 ## - DEWEY DECIMAL CLASSIFICATION NUMBER |
| Edition number |
23 |
| Classification number |
344.549201 AHM |
| 100 ## - MAIN ENTRY--PERSONAL NAME |
| Personal name |
Ahmed, Zulfiquar. |
| 245 14 - TITLE STATEMENT |
| Title |
A text book of the Bangladesh Labour Act, 2016 : |
| Remainder of title |
(as modified up-to-date) / |
| Statement of responsibility, etc. |
Zulfiquar Ahmed. |
| 250 ## - EDITION STATEMENT |
| Edition statement |
2nd ed. |
| 260 ## - PUBLICATION, DISTRIBUTION, ETC. |
| Place of publication, distribution, etc. |
Dhaka : |
| Name of publisher, distributor, etc. |
Shams Publications, |
| Date of publication, distribution, etc. |
c2007 [2009]. |
| 300 ## - PHYSICAL DESCRIPTION |
| Extent |
[43], 530 pages ; |
| Dimensions |
23 cm. |
| 505 ## - FORMATTED CONTENTS NOTE |
| Formatted contents note |
Bengali & English. |
| 650 #0 - SUBJECT ADDED ENTRY--TOPICAL TERM |
| Topical term or geographic name entry element |
Labor laws and legislation |
| Geographic subdivision |
Bangladesh. |
| 942 ## - ADDED ENTRY ELEMENTS (KOHA) |
| Source of classification or shelving scheme |
|
| Koha item type |
Book |